| 000 | 01849nam a2200385 a 4500 | ||
|---|---|---|---|
| 999 |
_c132323 _d132323 |
||
| 003 | BLK | ||
| 005 | 20230724095159.0 | ||
| 008 | 180409b bul|||||r ||||||| ||bul|| | ||
| 010 | _aKNG00138183000 | ||
| 040 | _aBLK | ||
| 041 |
_aBUL _cBUL |
||
| 080 |
_aВестници. Журналистика. Радио- и тележурналистика. Вж и 05; 070.48 _b07 _x(497.2)(091) _z07(497.2)(091) |
||
| 080 |
_aСписания и периодични издания с общ характер - Списания с общ характер. Продължаващи издания с общонаучно и общотехническо съдържание. Годишници. Адресни книги. Календари. Алманаси. Вж и 07 _b05 _x(497.2)(091) _z05(497.2)(091) |
||
| 100 |
_aБоршуков, Георги Енев _9378105 |
||
| 139 |
_aБоршуков, Георги Енев _bБ 67 |
||
| 245 | 1 | 0 |
_aИстория на българската журналистика _b1844 - 1877 , 1878 - 1885 _cГеорги Енев Боршуков. |
| 257 | _aBGR | ||
| 260 |
_aСофия _bНаука и изкуство _c1965 |
||
| 300 |
_a578 с. _bс ил., факс. _c25 см |
||
| 380 | _a0 | ||
| 500 | _a1 470 тир.- Библиогр. под линия. | ||
| 650 | 4 |
_aЖурналистика - България - история _9258459 |
|
| 650 | 4 |
_aПериодичен печат - България - история _9244176 |
|
| 651 | 4 |
_aБългария _9241624 |
|
| 653 | _aжурналистика | ||
| 653 | _aпериодичен печат | ||
| 653 | _aистория | ||
| 852 | _aЦб 36434 | ||
| 856 | 4 | _qpdf | |
| 856 | 4 | _qpdf | |
| 942 |
_cKNG _n0 _s1 |
||
| 944 |
_aCR _c18.01.2013 _lГеновева Генчева _k30560 |
||
| 944 |
_aED _c2022-05-27 |
||
| 999 | _d132323 | ||